000 00760nam a2200229Ia 4500
001 19847
003 GE_BSU
008 181216s||||||||xx |||||||||||||| ||und||
040 _cGE_BSU
080 _a021
100 _aლორთქიფანიძე,ნ.
245 _aსაბიბლიოთეკო საქმის ორგანიზაცია. ნ.1
245 _cრედ. ა. რამიშვილი
260 _aთბილისი
260 _c1939
300 _a60გვ.
541 _h3ლ. 65 თ.
653 _aბიბლიოთეკარი
653 _aსაბიბლიოთეკო საქმის ორგანიზაცია. ნ.1
653 _aქსეროქსი
942 _cBK
999 _c52817
_d52817